LEADER 01207nam 22003853 450 001 9911056825203321 005 20260403080324.0 010 $a1-77467-069-0 035 $a(CKB)45018203700041 035 $a(MiAaPQ)EBC32664623 035 $a(Au-PeEL)EBL32664623 035 $a(OCoLC)1583180782 035 $a(EXLCZ)9945018203700041 100 $a20260403d2026 uy 0 101 0 $aeng 135 $aur||||||||||| 181 $ctxt$2rdacontent 182 $cc$2rdamedia 183 $acr$2rdacarrier 200 10$aDatabook of Biocides 205 $a2nd ed. 210 1$aChantilly :$cChemTec Publishing,$d2026. 210 4$dİ2026. 215 $a1 online resource (0 pages) 311 08$a1-77467-068-2 330 $aThe Databook of Biocides, Second Edition contains critical data on the most important biocides in use today.The selection includes generic and commercial biocides that have been approved for use in the European Union and United States. 676 $a668/.65 700 $aWypych$b Anna$0865899 801 0$bMiAaPQ 801 1$bMiAaPQ 801 2$bMiAaPQ 906 $aBOOK 912 $a9911056825203321 996 $aDatabook of Biocides$94559517 997 $aUNINA